| 000 | 00642cam a22002291 4500 | ||
|---|---|---|---|
| 001 | sa 66001030 | ||
| 003 | DLC | ||
| 005 | 20260227112219.0 | ||
| 008 | 960922s1952 pk 000 0 pusr | ||
| 010 | _asa 66001030 | ||
| 025 | _aPL480:P-Pushto-103 | ||
| 035 | _a(OCoLC)35601635 | ||
| 040 |
_aDLC _cCLU _dCLU _dDLC |
||
| 042 | _apremarc | ||
| 050 | 0 | 0 |
_aPK6820.M26 _bD3 |
| 100 | 1 | _aMaftūn, Muḥammad Ashraf Khān. | |
| 245 | 1 | 0 |
_aDa shāʻir dunyā, _cby Muḥammad Ashrāf Khān Muflūn. |
| 250 | _a2nd edition. | ||
| 260 |
_aPishāwar, _bIdārah-yi Ishāʻat-i Sarḥad, _c1952. |
||
| 300 |
_a4, 160 p. _c21 cm. |
||
| 500 | _aPoems. | ||
| 999 |
_c67558 _d67558 |
||